Itxura-aldaketa (Record no. 85913)
[ view plain ]
| 000 -LEADER | |
|---|---|
| campo de control de longitud fija | 00561nam a2200181 i 4500 |
| 001 - NÚMERO DE CONTROL | |
| campo de control | 85913 |
| 003 - IDENTIFICADOR DE NÚMERO DE CONTROL | |
| campo de control | ES-MaACL |
| 005 - FECHA Y HORA DE LA ÚLTIMA TRANSACCIÓN | |
| campo de control | 20240301063053.0 |
| 007 - CAMPO FIJO DE DESCRIPCIÓN FÍSICA--INFORMACIÓN GENERAL | |
| campo de control de longitud fija | t| |
| 008 - DATOS DE LONGITUD FIJA--INFORMACIÓN GENERAL | |
| campo de control de longitud fija | 041202s1970 sp ||||1| baq d |
| 100 0# - ENTRADA PRINCIPAL--NOMBRE DE PERSONA | |
| Nombre de persona | Kafka, Franz, |
| Fechas asociadas al nombre | 1883-1924 |
| 9 (RLIN) | 67400 |
| 245 10 - MENCIÓN DEL TÍTULO | |
| Título | Itxura-aldaketa |
| Resto del título | : die verwèandlung / |
| Mención de responsabilidad, etc. | Franz Kafka ; Xabier Kintának orijinaletik euskeratua. |
| 260 ## - PUBLICACIÓN, DISTRIBUCIÓN, ETC. | |
| Lugar de publicación, distribución, etc. | Donostia : |
| Nombre del editor, distribuidor, etc. | Sur, |
| Fecha de publicación, distribución, etc. | 1970. |
| 300 ## - DESCRIPCIÓN FÍSICA | |
| Extensión | 123 p. ; |
| Dimensiones | 18 cm. |
| 700 1# - ENTRADA AGREGADA--NOMBRE PERSONAL | |
| Nombre de persona | Kintának, Xabier. |
| 9 (RLIN) | 68084 |
| 852 ## - LOCALIZACIÓN | |
| Ubicación | ES-MaACL |
| Número de control de estantería | C-46599 |
| Sublocalización o colección | R.75708 |
| Estatus retirado | Estado de pérdida | Estado de daño | No para préstamo | Biblioteca de origen | Biblioteca actual | Ubicación en estantería | Fecha de adquisición | Fuente de adquisición | Total de préstamos | Signatura topográfica completa | Código de barras | Visto por última vez | Precio de reemplazo | Tipo de ítem Koha |
|---|---|---|---|---|---|---|---|---|---|---|---|---|---|---|
| Biblioteca del Ateneo de Madrid | Biblioteca del Ateneo de Madrid | Depósito 2 | 17/01/2008 | C-46599 | 1089778 | 23/02/2023 | 23/02/2023 | Libro impreso |
